<?xml version="1.0" encoding="UTF-8"?>
<record
    xmlns:xsi="http://www.w3.org/2001/XMLSchema-instance"
    xsi:schemaLocation="http://www.loc.gov/MARC21/slim http://www.loc.gov/standards/marcxml/schema/MARC21slim.xsd"
    xmlns="http://www.loc.gov/MARC21/slim">

  <leader>01034nam0a22002771  4500</leader>
  <controlfield tag="001">rc\169063</controlfield>
  <controlfield tag="005">20250620215333.0</controlfield>
  <datafield tag="010" ind1=" " ind2=" ">
    <subfield code="a">5-87170-014-4</subfield>
    <subfield code="9">5000</subfield>
  </datafield>
  <datafield tag="035" ind1=" " ind2=" ">
    <subfield code="a">(NLR Aleph) 005432200</subfield>
  </datafield>
  <datafield tag="090" ind1=" " ind2=" ">
    <subfield code="a">7589304</subfield>
    <subfield code="c">7589304</subfield>
  </datafield>
  <datafield tag="100" ind1=" " ind2=" ">
    <subfield code="a">20030307d1992    |||y0rusy50      ca</subfield>
  </datafield>
  <datafield tag="101" ind1="0" ind2=" ">
    <subfield code="a">rus</subfield>
  </datafield>
  <datafield tag="102" ind1=" " ind2=" ">
    <subfield code="a">RU</subfield>
  </datafield>
  <datafield tag="105" ind1=" " ind2=" ">
    <subfield code="a">y   |||||||||</subfield>
  </datafield>
  <datafield tag="200" ind1="1" ind2=" ">
    <subfield code="a">&#x421;&#x43E;&#x432;&#x440;&#x435;&#x43C;&#x435;&#x43D;&#x43D;&#x430;&#x44F; &#x437;&#x430;&#x43F;&#x430;&#x434;&#x43D;&#x430;&#x44F; &#x441;&#x43E;&#x446;&#x438;&#x43E;&#x43B;&#x43E;&#x433;&#x438;&#x44F;. &#x422;&#x435;&#x43E;&#x440;&#x438;&#x438;, &#x442;&#x440;&#x430;&#x434;&#x438;&#x446;&#x438;&#x438;, &#x43F;&#x435;&#x440;&#x441;&#x43F;&#x435;&#x43A;&#x442;&#x438;&#x432;&#x44B;</subfield>
    <subfield code="e">[&#x41F;&#x435;&#x440;. &#x441;&#x43E; &#x448;&#x432;&#x435;&#x434;.]</subfield>
  </datafield>
  <datafield tag="210" ind1=" " ind2=" ">
    <subfield code="a">&#x421;&#x41F;&#x431;.</subfield>
    <subfield code="c">&#x41D;&#x43E;&#x442;&#x430;&#x431;&#x435;&#x43D;&#x435;</subfield>
    <subfield code="d">1992</subfield>
  </datafield>
  <datafield tag="215" ind1=" " ind2=" ">
    <subfield code="a">443, [2] &#x441;.</subfield>
    <subfield code="d">22</subfield>
  </datafield>
  <datafield tag="300" ind1=" " ind2=" ">
    <subfield code="a">&#x412; &#x441;&#x43E;&#x434;&#x435;&#x440;&#x436;. &#x430;&#x432;&#x442;.: &#x41F;. &#x41C;&#x43E;&#x43D;&#x441;&#x43E;&#x43D;, &#x410;. &#x411;&#x43E;&#x433;&#x43B;&#x438;&#x43D;&#x434;, &#x41C;. &#x411;&#x435;&#x43A;&#x43A;-&#x412;&#x438;&#x43A;&#x43B;&#x443;&#x43D;&#x434; &#x438; &#x434;&#x440;.</subfield>
  </datafield>
  <datafield tag="320" ind1=" " ind2=" ">
    <subfield code="a">&#x411;&#x438;&#x431;&#x43B;&#x438;&#x43E;&#x433;&#x440;. &#x432; &#x43A;&#x43E;&#x43D;&#x446;&#x435; &#x433;&#x43B;&#x430;&#x432;</subfield>
  </datafield>
  <datafield tag="320" ind1=" " ind2=" ">
    <subfield code="a">&#x41F;&#x435;&#x440;&#x435;&#x432;&#x43E;&#x434; &#x438;&#x437;&#x434;.: Moderna samh&#xE4;llsteorier: traditioner, riktningar, teoretiker / Rer M&#xE5;nson (Stockholm, 1991)</subfield>
  </datafield>
  <datafield tag="700" ind1=" " ind2="1">
    <subfield code="a">&#x41C;&#x43E;&#x43D;&#x441;&#x43E;&#x43D;</subfield>
    <subfield code="b">&#x41F;.</subfield>
    <subfield code="g">&#x41F;&#x435;&#x440;</subfield>
  </datafield>
  <datafield tag="801" ind1=" " ind2="0">
    <subfield code="a">RU</subfield>
    <subfield code="b">NLR</subfield>
    <subfield code="g">psbo</subfield>
  </datafield>
  <datafield tag="801" ind1=" " ind2="1">
    <subfield code="a">RU</subfield>
    <subfield code="b">ELAR</subfield>
    <subfield code="2">rusmarc</subfield>
  </datafield>
  <datafield tag="852" ind1=" " ind2=" ">
    <subfield code="a">NLR</subfield>
    <subfield code="j">92-5/1898</subfield>
  </datafield>
  <datafield tag="942" ind1=" " ind2=" ">
    <subfield code="c">BOOK</subfield>
  </datafield>
  <datafield tag="980" ind1=" " ind2=" ">
    <subfield code="a">NB</subfield>
  </datafield>
  <datafield tag="995" ind1=" " ind2=" ">
    <subfield code="5">2013-10-26</subfield>
    <subfield code="b">NLR01</subfield>
    <subfield code="c">NLR01</subfield>
    <subfield code="e">RF91</subfield>
    <subfield code="f">1-826516</subfield>
    <subfield code="k">92-5/1898</subfield>
    <subfield code="o">0</subfield>
    <subfield code="r">BOOK</subfield>
    <subfield code="s">9251898_</subfield>
  </datafield>
</record>
